The art and architecture of China (Record no. 76389)
[ view plain ]
| 000 -LEADER | |
|---|---|
| fixed length control field | 01089cam a2200349I 4500 |
| 001 - CONTROL NUMBER | |
| control field | 76389 |
| 003 - CONTROL NUMBER IDENTIFIER | |
| rucl marc code | BD-RjUL |
| 005 - DATE AND TIME OF LATEST TRANSACTION | |
| control field | 20211223170402.0 |
| 008 - FIXED-LENGTH DATA ELEMENTS--GENERAL INFORMATION | |
| fixed length control field | 750929s1960 enkabf 001 0 eng d |
| 035 ## - SYSTEM CONTROL NUMBER | |
| System control number | MITb10392284 |
| System control number | ()76389 |
| 040 ## - CATALOGING SOURCE | |
| Original cataloging agency | YKM |
| Transcribing agency | YKM |
| Modifying agency | m.c. |
| -- | BD-RjUL |
| Language of cataloging | eng |
| 041 ## - LANGUAGE CODE | |
| Language code of text/sound track or separate title | eng |
| 082 ## - DEWEY DECIMAL CLASSIFICATION NUMBER | |
| Edition number | 23 |
| Classification number | 709.51 |
| Author mark and year | SIA 1968 |
| 100 1# - MAIN ENTRY--PERSONAL NAME | |
| Personal name | Sickman, Laurence |
| 9 (RLIN) | 235746 |
| 245 14 - TITLE STATEMENT | |
| Title | The art and architecture of China |
| Statement of responsibility, etc. | Laurence Sickman , Alexander Soper. |
| 250 ## - EDITION STATEMENT | |
| Edition statement | 3rd edition |
| 260 ## - PUBLICATION, DISTRIBUTION, ETC. (IMPRINT) | |
| Place of publication, distribution, etc. | [Harmondsworth,Eng.] |
| Name of publisher, distributor, etc. | Penguin Books |
| Date of publication, distribution, etc. | 1968 |
| 300 ## - PHYSICAL DESCRIPTION | |
| Pagination | xxviii, 324, 349, [1] p. |
| Illustrations | ill. ; |
| Size | 27 cm. |
| 490 1# - SERIES STATEMENT | |
| Series statement | The Pelican history of art ; |
| Volume/sequential designation | Z10 |
| 504 ## - BIBLIOGRAPHY, ETC. NOTE | |
| Bibliography, etc | Bibliography: p. 315-320. |
| 650 #0 - SUBJECT ADDED ENTRY--TOPICAL TERM | |
| Topical term or geographic name as entry element | Art |
| Geographic subdivision | China |
| General subdivision | History. |
| 9 (RLIN) | 235747 |
| Topical term or geographic name as entry element | Architecture |
| Geographic subdivision | China |
| General subdivision | History. |
| 9 (RLIN) | 235748 |
| Topical term or geographic name as entry element | Buddhist art. |
| 9 (RLIN) | 235749 |
| Topical term or geographic name as entry element | Buddhist architecture. |
| 9 (RLIN) | 235750 |
| 700 1# - ADDED ENTRY--PERSONAL NAME | |
| Personal name | Soper, Alexander Coburn, |
| Dates associated with a name | 1904- , jt. auth. |
| 830 #0 - SERIES ADDED ENTRY--UNIFORM TITLE | |
| Uniform title | Pelican history of art ; |
| Volume number/sequential designation | Z10. |
| 910 ## - USER-OPTION DATA (OCLC) | |
| User-option data | OCLC |
| User-option data | MARCIVEAUT |
| User-option data | OCLC |
| 942 ## - ADDED ENTRY ELEMENTS (KOHA) | |
| Source of classification or shelving scheme | Dewey Decimal Classification |
| Koha item type | Books |
| Lost status | Source of classification or shelving scheme | Damaged status | Not for loan | Collection code | Permanent Location | Current Location | Shelving location | Date acquired | Source of acquisition | Cost, normal purchase price | Full call number | Date last seen | Copy number | Koha item type |
|---|---|---|---|---|---|---|---|---|---|---|---|---|---|---|
| Dewey Decimal Classification | Not For Loan | Non-fiction | Central Library, University of Rajshahi | Central Library, University of Rajshahi | Reading Room | 29/07/1972 | Book center | 138.00 | 709.51 SIA 1968 | 28/11/2019 | C-1 | Books |